<?xml version="1.0" encoding="UTF-8"?>
<record
    xmlns:xsi="http://www.w3.org/2001/XMLSchema-instance"
    xsi:schemaLocation="http://www.loc.gov/MARC21/slim http://www.loc.gov/standards/marcxml/schema/MARC21slim.xsd"
    xmlns="http://www.loc.gov/MARC21/slim">

  <leader>01276nam a22002177a 4500</leader>
  <datafield tag="999" ind1=" " ind2=" ">
    <subfield code="c">58010</subfield>
    <subfield code="d">58010</subfield>
  </datafield>
  <controlfield tag="003">Ge_BSU</controlfield>
  <controlfield tag="005">20210422133018.0</controlfield>
  <controlfield tag="008">210422s1974    ge ||||| |||| 00| 0 geo d</controlfield>
  <datafield tag="041" ind1=" " ind2=" ">
    <subfield code="a">geo</subfield>
  </datafield>
  <datafield tag="080" ind1=" " ind2=" ">
    <subfield code="a">595.7(075.8)+632.7 &#x10D1;-17</subfield>
  </datafield>
  <datafield tag="100" ind1=" " ind2=" ">
    <subfield code="a">&#x10D1;&#x10D0;&#x10D7;&#x10D8;&#x10D0;&#x10E8;&#x10D5;&#x10D8;&#x10DA;&#x10D8;, &#x10D8;&#x10E0;.</subfield>
    <subfield code="9">11544</subfield>
  </datafield>
  <datafield tag="245" ind1=" " ind2=" ">
    <subfield code="a">&#x10D4;&#x10DC;&#x10E2;&#x10DD;&#x10DB;&#x10DD;&#x10DA;&#x10DD;&#x10D2;&#x10D8;&#x10D0; :</subfield>
    <subfield code="b">(&#x10E1;&#x10DE;&#x10D4;&#x10EA;&#x10D8;&#x10D0;&#x10DA;&#x10E3;&#x10E0;&#x10D8; &#x10DC;&#x10D0;&#x10EC;&#x10D8;&#x10DA;&#x10D8;)  &#x10E1;&#x10D0;&#x10EE;&#x10D4;&#x10DA;&#x10DB;&#x10EB;&#x10E6;&#x10D5;.  &#x10E1;&#x10D0;&#x10E1;&#x10DD;&#x10E4;&#x10DA;&#x10DD; &#x10E1;&#x10D0;&#x10DB;&#x10D4;&#x10E3;&#x10E0;&#x10DC;&#x10D4;&#x10DD; &#x10D8;&#x10DC;-&#x10E2;&#x10D8;&#x10E1; &#x10DB;&#x10EA;&#x10D4;&#x10DC;&#x10D0;&#x10E0;&#x10D4;&#x10D7;&#x10D0; &#x10D3;&#x10D0;&#x10EA;&#x10D5;&#x10D8;&#x10E1; &#x10D3;&#x10D0; &#x10E1;&#x10E3;&#x10D1;&#x10E2;&#x10E0;&#x10DD;&#x10DE;&#x10E3;&#x10D9;&#x10E3;&#x10DA;&#x10D8; &#x10DB;&#x10D4;&#x10E3;&#x10E0;&#x10DC;&#x10D4;&#x10DD;&#x10D1;&#x10D8;&#x10E1; &#x10E1;&#x10E2;&#x10E3;&#x10D3;&#x10D4;&#x10DC;&#x10E2;&#x10D4;&#x10D1;&#x10D8;&#x10E1;&#x10D0;&#x10D7;&#x10D5;&#x10D8;&#x10E1; /</subfield>
    <subfield code="c">&#x10D8;&#x10E0;. &#x10D1;&#x10D0;&#x10D7;&#x10D8;&#x10D0;&#x10E8;&#x10D5;&#x10D8;&#x10DA;&#x10D8;, &#x10D1;.&#x10D3;&#x10D4;&#x10D9;&#x10D0;&#x10DC;&#x10DD;&#x10D8;&#x10EB;&#x10D4;, [&#x10E0;&#x10D4;&#x10D3;. &#x10DB;.&#x10E1;&#x10E3;&#x10DA;&#x10D0;&#x10D1;&#x10D4;&#x10E0;&#x10D8;&#x10EB;&#x10D4;]</subfield>
  </datafield>
  <datafield tag="264" ind1=" " ind2=" ">
    <subfield code="a">&#x10D7;&#x10D1;&#x10D8;&#x10DA;&#x10D8;&#x10E1;&#x10D8; : </subfield>
    <subfield code="b">&#x10D2;&#x10D0;&#x10DC;&#x10D0;&#x10D7;&#x10DA;&#x10D4;&#x10D1;&#x10D0;,</subfield>
    <subfield code="c">1974.</subfield>
  </datafield>
  <datafield tag="300" ind1=" " ind2=" ">
    <subfield code="a">517 &#x10D2;&#x10D5;.:</subfield>
    <subfield code="c">22&#x10E1;&#x10DB;.</subfield>
  </datafield>
  <datafield tag="504" ind1=" " ind2=" ">
    <subfield code="a"> &#x10D1;&#x10D8;&#x10D1;&#x10DA;&#x10D8;&#x10DD;&#x10D2;&#x10E0;.&#x10D2;&#x10D5;: 506, &#x10D0;&#x10DA;&#x10E4;&#x10D0;&#x10D2;&#x10D4;&#x10DC;&#x10E2;&#x10E3;&#x10E0;&#x10D8; &#x10E1;&#x10D0;&#x10EB;. &#x10D2;&#x10D5;.491-505</subfield>
  </datafield>
  <datafield tag="653" ind1=" " ind2=" ">
    <subfield code="a">&#x10D4;&#x10DC;&#x10E2;&#x10D8;&#x10DB;&#x10DD;&#x10DA;&#x10DD;&#x10D2;&#x10D8;&#x10D0;</subfield>
  </datafield>
  <datafield tag="653" ind1=" " ind2=" ">
    <subfield code="a">&#x10DB;&#x10EA;&#x10D4;&#x10DC;&#x10D0;&#x10E0;&#x10D4;&#x10D7;&#x10D0; &#x10D3;&#x10D0;&#x10EA;&#x10D5;&#x10D0;</subfield>
  </datafield>
  <datafield tag="700" ind1=" " ind2=" ">
    <subfield code="a">&#x10D3;&#x10D4;&#x10D9;&#x10D0;&#x10DC;&#x10DD;&#x10D8;&#x10EB;&#x10D4;,&#x10D2;</subfield>
    <subfield code="9">11545</subfield>
  </datafield>
  <datafield tag="700" ind1=" " ind2=" ">
    <subfield code="a">&#x10E1;&#x10E3;&#x10DA;&#x10D0;&#x10EB;&#x10D4;, &#x10DB;</subfield>
    <subfield code="e">&#x10E0;&#x10D4;&#x10D3;&#x10D0;&#x10E5;&#x10E2;&#x10DD;&#x10E0;&#x10D8;</subfield>
    <subfield code="9">3155</subfield>
  </datafield>
  <datafield tag="942" ind1=" " ind2=" ">
    <subfield code="2">udc</subfield>
    <subfield code="c">BK</subfield>
  </datafield>
  <datafield tag="952" ind1=" " ind2=" ">
    <subfield code="0">0</subfield>
    <subfield code="1">0</subfield>
    <subfield code="2">udc</subfield>
    <subfield code="4">0</subfield>
    <subfield code="6">595707586327_&#x10D1;17</subfield>
    <subfield code="7">0</subfield>
    <subfield code="9">90263</subfield>
    <subfield code="a">CPL</subfield>
    <subfield code="b">CPL</subfield>
    <subfield code="c">GEN</subfield>
    <subfield code="d">2021-04-22</subfield>
    <subfield code="g">2.00</subfield>
    <subfield code="o">595.7(075.8)+632.7 &#x10D1;-17</subfield>
    <subfield code="p">29263</subfield>
    <subfield code="r">2021-04-22</subfield>
    <subfield code="t">29263</subfield>
    <subfield code="w">2021-04-22</subfield>
    <subfield code="y">BK</subfield>
    <subfield code="z">2&#x10DA;.54&#x10D7;.</subfield>
  </datafield>
</record>
